| 000 | 00863cam a22002531 4500 | ||
|---|---|---|---|
| 001 | 000009846 | ||
| 005 | 20200929161729.0 | ||
| 008 | 750106s1962 nyuac b 000 0 eng | ||
| 010 | _a64003342 | ||
| 035 | _a(OCoLC)1131647 | ||
| 040 |
_aDO-SdBNP _cOCanM _dOCoLC _dDLC |
||
| 050 | 0 | 0 |
_aE169.1 _b.S7677 |
| 100 | 1 |
_aStanton, Frank, _d1908-2006. _924764 |
|
| 245 | 1 | 0 | _aMass media and mass culture. |
| 260 |
_a[New York, : _bColumbia Broadcasting System, _c1962?]. |
||
| 300 |
_a46, [5] p. : _billus., ports. ; _c24 cm. |
||
| 440 | 0 |
_aGreat issues lecture, _v1962 _924765 |
|
| 500 | _a"[Lecture] at the Hopkins Center, Dartmouth College, November 26, 1962." | ||
| 504 | _aBibliography: p. [48]-[50] | ||
| 650 | 0 |
_aPopular culture _zUnited States. _924766 |
|
| 650 | 0 |
_aCommunication _zUnited States. _924767 |
|
| 910 | _aCatalogación por copia / LC | ||
| 910 | _aDC | ||
| 999 |
_c9605 _d9605 |
||